00327 2200145 4500001002100000005001500021035002000036245005400056300000800110260001900118082000800137084001200145990001200157990001200169INLIS00000000000219920250527012607 a0010-0525000491 aPetunjuk Praktis Bermain Tenis /cdr. Lucas Loman a132 bAngkasa,c2008 a700 a700 PET a0713155 a0713156